[Event "Livigno op"]
[Site "Livigno"]
[Date "2010.09.16"]
[Round "7"]
[White "Fuchs, Ludek"]
[Black "Trens, Yohan"]
[Result "0-1"]
[WhiteElo "2046"]
[BlackElo "2086"]
[PlyCount "78"]
[EventDate "2010.09.10"]
[EventType "swiss"]
[EventRounds "9"]
[EventCountry "ITA"]
[SourceTitle "CBM 138 Extra"]
[Source "ChessBase"]
[SourceDate "2010.10.29"]
[SourceVersion "1"]
[SourceVersionDate "2010.10.29"]
[SourceQuality "1"]

1. d4 Nf6 2. c4 g6 3. Nc3 Bg7 4. e4 d6 5. f3 0-0 6. Be3 Nbd7 7. Qd2 c5 8. Nge2 a6 9. g4 Qa5 10. Ng3 cxd4 11. Bxd4 Ne5 12. Be2 Be6 13. Nd5 Qxd2+ 14. Kxd2 Bxd5 15. cxd5 Nfd7 16. Ke3 Rfc8 17. Rac1 Nc5 18. f4 Ned7 19. Bxg7 Kxg7 20. g5 b5 21. Bg4 b4 22. Rc2 Rc7 23. Rhc1 Nb6 24. f5 a5 25. h4 Nbd7 26. h5 Ne5 27. Be2 a4 28. h6+ Kg8 29. Nf1 Rb7 30. Nd2 f6 31. gxf6 exf6 32. b3 Re8 33. Kd4 Nf7 34. bxa4 Nxh6 35. fxg6 hxg6 36. Rh1 Nf5+ 37. exf5 Rxe2 38. fxg6 Rbe7 39. Rh4 R7e3 0-1

[Event "Livigno op"]
[Site "Livigno"]
[Date "2010.09.15"]
[Round "6"]
[White "Trens, Yohan"]
[Black "Milenkovic, Mladen"]
[Result "0-1"]
[WhiteElo "2086"]
[BlackElo "2406"]
[PlyCount "76"]
[EventDate "2010.09.10"]
[EventType "swiss"]
[EventRounds "9"]
[EventCountry "ITA"]
[SourceTitle "CBM 138 Extra"]
[Source "ChessBase"]
[SourceDate "2010.10.29"]
[SourceVersion "1"]
[SourceVersionDate "2010.10.29"]
[SourceQuality "1"]

1. e4 c5 2. Nf3 d6 3. d4 cxd4 4. Nxd4 Nf6 5. Nc3 Nc6 6. f3 e5 7. Nb3 Be7 8. Be3 0-0 9. Qd2 a5 10. Bb5 Be6 11. 0-0-0 Qc7 12. g4 Rfc8 13. g5 Nd7 14. Qf2 Nb4 15. Kb1 Bc4 16. Bxc4 Qxc4 17. a3 Nc6 18. Nd5 Bf8 19. Rhg1 Nd8 20. Rc1 Ne6 21. h4 b5 22. Nd2 Qc6 23. c3 Nc7 24. Nxc7 Rxc7 25. h5 Nc5 26. Qe2 d5 27. g6 dxe4 28. gxh7+ Kh8 29. h6 g6 30. f4 Nd3 31. Rcd1 b4 32. Nxe4 Nxb2 33. Rd4 Na4 34. Qf2 Nxc3+ 35. Nxc3 exd4 36. Bxd4+ Kxh7 37. Na2 Qe4+ 38. Kb2 Rac8 0-1

[Event "Avoine op 21th"]
[Site "Avoine"]
[Date "2006.07.23"]
[Round "2"]
[White "Trens, Yohan"]
[Black "Olarasu, Gabriela"]
[Result "0-1"]
[WhiteElo "2021"]
[BlackElo "2222"]
[PlyCount "62"]
[EventDate "2006.07.22"]
[EventType "swiss"]
[EventRounds "9"]
[EventCountry "FRA"]
[SourceTitle "EXT 2007"]
[Source "ChessBase"]
[SourceDate "2006.11.23"]
[SourceVersion "1"]
[SourceVersionDate "2006.11.23"]
[SourceQuality "1"]

1. e4 e5 2. Nf3 d6 3. d4 exd4 4. Qxd4 a6 5. Bg5 Nc6 6. Qd2 Nf6 7. Nc3 Be7 8. 0-0-0 0-0 9. Bd3 Be6 10. Qf4 h6 11. Bxf6 Bxf6 12. Nd5 Bxd5 13. exd5 Ne5 14. Kb1 c5 15. Nxe5 Bxe5 16. Qf5 g6 17. Qg4 Qb6 18. Kc1 Qxb2+ 19. Kd2 Rae8 20. Ke2 Qxa2 21. Kf1 Bc3 22. h4 h5 23. Qc4 Qxc4 24. Bxc4 b5 25. Be2 Re7 26. g4 Rfe8 27. Bf3 Re1+ 28. Rxe1 Rxe1+ 29. Kg2 Rxh1 30. Kxh1 a5 31. gxh5 gxh5 0-1

[Event "La Fere op 5th"]
[Site "La Fere"]
[Date "2006.07.10"]
[Round "4"]
[White "Trens, Yohan"]
[Black "Pavillon, Guillaume"]
[Result "1-0"]
[WhiteElo "2021"]
[BlackElo "1790"]
[PlyCount "65"]
[EventDate "2006.07.08"]
[EventType "swiss"]
[EventRounds "9"]
[EventCountry "FRA"]
[SourceTitle "CBM 113 Extra"]
[Source "ChessBase"]
[SourceDate "2006.09.14"]
[SourceVersion "1"]
[SourceVersionDate "2006.09.14"]
[SourceQuality "1"]

1. e4 e6 2. d4 d5 3. Nc3 Nf6 4. e5 Nfd7 5. f4 a6 6. Nf3 c5 7. Be3 Nc6 8. Qd2 cxd4 9. Nxd4 Bc5 10. 0-0-0 Nxd4 11. Bxd4 b5 12. Qf2 Qb6 13. Ne2 Bb7 14. Kb1 Rc8 15. h4 Bxd4 16. Qxd4 Qc7 17. Rc1 Nc5 18. h5 Ne4 19. g4 Qc4 20. Qe3 Qc5 21. Qxc5 Rxc5 22. Nd4 Ke7 23. Bd3 Nf2 24. Rhg1 Nxd3 25. cxd3 Rhc8 26. Rcf1 Rf8 27. f5 Bc8 28. f6+ gxf6 29. Rxf6 Bd7 30. Rh6 Rh8 31. Rf1 Be8 32. Rf4 Kf8 33. Nxe6+ 1-0

[Event "FRA-chT2A 0506"]
[Site "France"]
[Date "2006.04.01"]
[Round "10.5"]
[White "Maleki, Manuel"]
[Black "Trens, Yohan"]
[Result "1-0"]
[WhiteElo "2134"]
[BlackElo "2014"]
[PlyCount "31"]
[EventDate "2005.10.27"]
[EventType "team-tourn"]
[EventRounds "11"]
[EventCountry "FRA"]
[SourceTitle "EXT 2006"]
[Source "ChessBase"]
[SourceDate "2005.11.24"]
[SourceVersion "1"]
[SourceVersionDate "2005.11.24"]
[SourceQuality "1"]
[WhiteTeam "Tours"]
[BlackTeam "Clermont Ferrand"]
[WhiteTeamCountry "FRA"]
[BlackTeamCountry "FRA"]

1. Nf3 d5 2. d4 c6 3. c4 Nf6 4. Qb3 e6 5. Bg5 Nbd7 6. Nc3 Qb6 7. e3 Be7 8. c5 Qd8 9. Qc2 Nh5 10. Bf4 Nxf4 11. exf4 f6 12. Bd3 g6 13. h4 Kf7 14. h5 Nf8 15. hxg6+ Nxg6 16. Rxh7+ 1-0

[Event "FRA-chT2A 0506"]
[Site "France"]
[Date "2006.03.11"]
[Round "8.7"]
[White "Trens, Yohan"]
[Black "Degremont, Patrick"]
[Result "0-1"]
[WhiteElo "2014"]
[BlackElo "1955"]
[PlyCount "116"]
[EventDate "2005.10.27"]
[EventType "team-tourn"]
[EventRounds "11"]
[EventCountry "FRA"]
[SourceTitle "EXT 2006"]
[Source "ChessBase"]
[SourceDate "2005.11.24"]
[SourceVersion "1"]
[SourceVersionDate "2005.11.24"]
[SourceQuality "1"]
[WhiteTeam "Clermont Ferrand"]
[BlackTeam "Bois Colombes II"]
[WhiteTeamCountry "FRA"]
[BlackTeamCountry "FRA"]

1. d4 d5 2. Nf3 Nf6 3. c4 c6 4. e3 e6 5. Nbd2 Nbd7 6. Bd3 Bd6 7. 0-0 0-0 8. e4 dxe4 9. Nxe4 Nxe4 10. Bxe4 Nb6 11. Bc2 Re8 12. Bg5 Be7 13. Qd3 g6 14. Rad1 Nd7 15. Bxe7 Qxe7 16. Rfe1 Qf6 17. b3 Rd8 18. Ne5 Nb6 19. Re3 Qg7 20. Qe4 Bd7 21. Rg3 Be8 22. h4 Nd7 23. Rdd3 Nf6 24. Qe3 b6 25. Bd1 Rac8 26. h5 Nd7 27. hxg6 hxg6 28. Qf4 Qf6 29. Qe4 Qf5 30. Nxd7 Bxd7 31. Qh4 Kg7 32. Qe7 Qf4 33. Qa3 e5 34. Qxa7 exd4 35. Rgf3 Qe5 36. Qxb6 Qe1+ 37. Kh2 Rh8+ 38. Kg3 Qe5+ 39. Rf4 g5 40. Rdxd4 gxf4+ 41. Rxf4 Rh4 42. Qe3 Qg5+ 43. Kf3 Bg4+ 44. Ke4 Re8+ 45. Kd4 c5+ 46. Kd3 Rxe3+ 47. fxe3 Bxd1 48. Kd2 Qxg2+ 49. Kxd1 Rxf4 50. exf4 Qxa2 51. Kc1 Qxb3 52. Kd2 Kg6 53. Ke2 Kf5 54. Kd2 Kxf4 55. Ke2 Qe3+ 56. Kf1 Qd2 57. Kg1 Kg3 58. Kh1 Qd1# 0-1

[Event "FRA-chT2A 0506"]
[Site "France"]
[Date "2006.01.15"]
[Round "6.6"]
[White "Lebreton, Flavien"]
[Black "Trens, Yohan"]
[Result "0-1"]
[WhiteElo "1953"]
[BlackElo "2014"]
[PlyCount "80"]
[EventDate "2005.10.27"]
[EventType "team-tourn"]
[EventRounds "11"]
[EventCountry "FRA"]
[SourceTitle "EXT 2006"]
[Source "ChessBase"]
[SourceDate "2005.11.24"]
[SourceVersion "1"]
[SourceVersionDate "2005.11.24"]
[SourceQuality "1"]
[WhiteTeam "Sautron"]
[BlackTeam "Clermont Ferrand"]
[WhiteTeamCountry "FRA"]
[BlackTeamCountry "FRA"]

1. d4 d5 2. Nf3 Nf6 3. c4 c6 4. Nc3 e6 5. Bg5 dxc4 6. Ne5 b5 7. g3 Bb4 8. Bg2 Bb7 9. 0-0 Bxc3 10. bxc3 h6 11. Bc1 0-0 12. a4 Qc7 13. Ba3 Rd8 14. Qb1 a6 15. Qb2 Nfd7 16. f4 c5 17. Nxd7 Nxd7 18. e4 Qb6 19. f5 b4 20. cxb4 cxd4 21. fxe6 fxe6 22. Rac1 c3 23. Qb3 Rac8 24. b5 axb5 25. a5 Qc6 26. Rf2 Ne5 27. Rcf1 Qc4 28. Qd1 b4 29. Qh5 Qc5 30. Bxb4 Qxb4 31. Qxe5 Qd6 32. Qh5 Rf8 33. e5 Qe7 34. Qd1 Rxf2 35. Rxf2 Bxg2 36. Kxg2 Qc5 37. Qg4 c2 38. Qxe6+ Kh8 39. Rf7 c1Q 40. Rxg7 Qc6+ 0-1

[Event "FRA-chT2A 0506"]
[Site "France"]
[Date "2005.12.04"]
[Round "4.7"]
[White "Trens, Yohan"]
[Black "Le Montagner, Yoann"]
[Result "0-1"]
[WhiteElo "2014"]
[BlackElo "1979"]
[PlyCount "68"]
[EventDate "2005.10.27"]
[EventType "team-tourn"]
[EventRounds "11"]
[EventCountry "FRA"]
[SourceTitle "EXT 2006"]
[Source "ChessBase"]
[SourceDate "2005.11.24"]
[SourceVersion "1"]
[SourceVersionDate "2005.11.24"]
[SourceQuality "1"]
[WhiteTeam "Clermont Ferrand"]
[BlackTeam "Rennes Paul Bert"]
[WhiteTeamCountry "FRA"]
[BlackTeamCountry "FRA"]

1. e4 d6 2. d4 Nf6 3. Nc3 c6 4. f4 Qa5 5. Bd3 e5 6. Nf3 Nbd7 7. Qe2 Be7 8. Bd2 Qc7 9. h3 0-0 10. g4 b5 11. f5 exd4 12. Nxd4 b4 13. Nd1 d5 14. Nf2 dxe4 15. Nxe4 Nxe4 16. Bxe4 Re8 17. 0-0-0 Bf6 18. Qg2 Bxd4 19. g5 Nc5 20. Bxc6 Bxf5 21. Bxb4 Be3+ 22. Kb1 Be4 23. Bxe4 Nxe4 24. Rhe1 Qb6 25. Rd3 Qxb4 26. Rdxe3 Rab8 27. c3 Nxc3+ 28. Ka1 Rxe3 29. Rxe3 Qa4 30. b3 Qd4 31. Re1 Ne2+ 32. Kb1 Qd3+ 33. Kb2 Qc3+ 34. Ka3 Qxe1 0-1

[Event "La Fere op 4th"]
[Site "La Fere"]
[Date "2005.07.04"]
[Round "3"]
[White "Velikov, Petar"]
[Black "Trens, Yohan"]
[Result "1-0"]
[WhiteElo "2422"]
[BlackElo "1993"]
[PlyCount "47"]
[EventDate "2005.07.02"]
[EventType "swiss"]
[EventRounds "9"]
[EventCountry "FRA"]
[SourceTitle "CBM 107 Extra"]
[Source "ChessBase"]
[SourceDate "2005.09.01"]
[SourceVersion "1"]
[SourceVersionDate "2005.09.01"]
[SourceQuality "1"]

1. Nf3 d5 2. g3 Bg4 3. Bg2 Nd7 4. c4 c6 5. cxd5 cxd5 6. Qa4 Ngf6 7. Nc3 e6 8. Ne5 Bf5 9. g4 Bg6 10. h4 h6 11. Nxg6 fxg6 12. Bh3 Qb6 13. g5 Nh5 14. Nxd5 Qd6 15. Nc3 Be7 16. Qe4 Kf7 17. d4 Rad8 18. Rg1 Nf8 19. Be3 Qh2 20. Rh1 Qc7 21. 0-0-0 Bb4 22. Rd3 Qa5 23. Kb1 Rc8 24. Rc1 1-0